| 000 | 00641nam a22002177a 4500 | ||
|---|---|---|---|
| 003 | OSt | ||
| 005 | 20151105104824.0 | ||
| 008 | 130624t xxu||||| |||| 00| 0 eng d | ||
| 020 | _a9781420927030 | ||
| 050 |
_aPZ 1 _b.P743 2005 |
||
| 082 |
_aIB 808.8381 _bP75 2005 |
||
| 100 | _aPoe, Edgar Allan | ||
| 245 |
_aThe best short stories of edgar allan poe : _bthe fall of the house of usher, the tell-tale heart and other tales / _cEdgar Allan Poe. |
||
| 260 |
_aKansas : _bA Digireads.com Book, _cc2005. |
||
| 300 |
_a113 p. : _c23 cm. |
||
| 562 | _e3 | ||
| 942 |
_2lcc _cBK |
||
| 999 |
_c3052 _d3052 |
||